000 00326pab a2200145 454500
008 180718b1988 xxu||||| |||| 00| 0 eng d
100 _aVohra, B.B.
245 _aEcology
_bConfusion on the forestry front
260 _c1988
300 _a9-10
362 _a16 July
650 _aForests
773 _aCommerce
909 _a8858
999 _c8858
_d8858